Villes de France par Google Earth - Statistiques

Statistiques générales
  • Ce quiz a été pris 74 fois
  • Le résultat moyen est 6 sur 12
Statistiques - réponses
Par images Réponse % Correct
Nice
85%
Marseille
83%
Paris
71%
Lyon
65%
Toulouse
64%
Nantes
48%
Bordeaux
47%
Lille
39%
Rouen
36%
Grenoble
35%
Montpellier
27%
Strasbourg
27%
Aucun quiz correspondant
Distribution des résultats
% des personnes avec chaque résultat
Percentile par nombre de réponses
Votre historique - résultats
Vous n’avez pas pris ce quiz